Computer systems performance evaluation and prediction (Record no. 183)

MARC details
000 -LEADER
Fixed length control field 00477nam a2200169 4500
003 - CONTROL NUMBER IDENTIFIER
Control field SEACOMEC
005 - DATE AND TIME OF LATEST TRANSACTION
Control field 20240417122103.0
008 - FIXED-LENGTH DATA ELEMENTS--GENERAL INFORMATION
Fixed length control field 231007b |||||||| |||| 00| 0 eng d
040 ## - CATALOGING SOURCE
Original cataloging agency SEACOMEC
082 ## - DEWEY DECIMAL CLASSIFICATION NUMBER
Classification number 004
Book Number F741
100 1# - MAIN ENTRY--PERSONAL NAME
Personal name Fortier, Paul J.
245 1# - TITLE STATEMENT
Title Computer systems performance evaluation and prediction
Statement of responsibility Paul J. Fortier and Howard E. Michel
260 ## - IMPRINT
Place of publication New Delhi
Name of publisher Elsevier
Date of publication 2005
650 ## - SUBJECT ADDED ENTRY--TOPICAL TERM
Topical term Computer science
700 1# - ADDED ENTRY--PERSONAL NAME
Personal name Michel, Howard E.
942 ## - ADDED ENTRY ELEMENTS (KOHA)
Koha item type Books
Holdings
Withdrawn status Lost status Source of classification Damaged status Not for loan Home library Current library Date acquired Total Checkouts Call number Accession number Date last seen Price effective from Koha item type
    Dewey Decimal Classification     SEACOM ENGINEERING COLLEGE SEACOM ENGINEERING COLLEGE 04/08/2006   004 F741 5151 17/04/2024 17/04/2024 Books
© Seacom Engineering College, All rights reserved.      Powered by Koha